[Event "BCF-chT1a 1314 (4NCL)"]
[Site "England"]
[Date "2014.02.15"]
[Round "5.131"]
[White "Sanders, Isaac B"]
[Black "Zakarian, David"]
[Result "1-0"]
[WhiteElo "2269"]
[BlackElo "2408"]
[PlyCount "99"]
[EventDate "2013.11.16"]
[EventType "team-tourn"]
[EventRounds "7"]
[EventCountry "ENG"]
[SourceTitle "EXT 2015"]
[Source "ChessBase"]
[SourceDate "2014.11.20"]
[SourceVersion "1"]
[SourceVersionDate "2014.11.20"]
[SourceQuality "1"]
[WhiteTeam "Barbican II"]
[BlackTeam "Oxford"]
[WhiteTeamCountry "ENG"]
[BlackTeamCountry "ENG"]

1. e4 c5 2. Nf3 Nc6 3. d4 cxd4 4. Nxd4 e5 5. Nb5 d6 6. N1c3 a6 7. Na3 Be6 8. Nc4 b5 9. Ne3 Nf6 10. Bd3 Nb4 11. Be2 d5 12. exd5 Nbxd5 13. Ncxd5 Nxd5 14. Bf3 Qa5+ 15. c3 Nxe3 16. Bc6+ Ke7 17. Bxe3 Rc8 18. Bc5+ Kf6 19. Qf3+ Kg6 20. Qg3+ Kf6 21. Be3 h6 22. 0-0 g6 23. Rad1 b4 24. Rfe1 Rxc6 25. Qf3+ Kg7 26. Qxc6 Be7 27. Qb6 Qxb6 28. Bxb6 bxc3 29. bxc3 Bxa2 30. Rxe5 Bf6 31. Ra5 Bb3 32. Rb1 Bc4 33. Bd4 Re8 34. Bxf6+ Kxf6 35. Rc5 Bd3 36. Ra1 Ra8 37. h3 Ke6 38. Rd1 Bc2 39. Rd2 Bb3 40. Rb2 Kd6 41. Ra5 Bc4 42. Rb6+ Kd7 43. Rc5 Bd3 44. Rd5+ Kc7 45. Rf6 Bf5 46. Rxf7+ Kc6 47. c4 a5 48. Rf6+ Kc7 49. Rdd6 Bc8 50. c5 1-0

[Event "4NCL-chT rapid"]
[Site "Daventry"]
[Date "2013.10.05"]
[Round "7.4"]
[White "Sanders, Isaac B"]
[Black "Bhatia, Kanwal K"]
[Result "1-0"]
[WhiteElo "2269"]
[BlackElo "2039"]
[PlyCount "47"]
[EventDate "2013.10.05"]
[EventType "team-swiss (rapid)"]
[EventRounds "7"]
[EventCountry "ENG"]
[SourceTitle "CBM 156 Extra"]
[Source "ChessBase"]
[SourceDate "2013.10.22"]
[SourceVersion "1"]
[SourceVersionDate "2013.10.22"]
[SourceQuality "1"]
[WhiteTeam "Barbican"]
[BlackTeam "Barbican II"]
[WhiteTeamCountry "ENG"]
[BlackTeamCountry "ENG"]

1. e4 e5 2. Nf3 Nc6 3. d4 exd4 4. Nxd4 Bc5 5. Be3 Qf6 6. c3 Nge7 7. Bc4 Ne5 8. Be2 d6 9. 0-0 Qg6 10. Re1 0-0 11. Nd2 Bh3 12. g3 f5 13. exf5 Nxf5 14. Nxf5 Qxf5 15. Bxc5 dxc5 16. f4 Rad8 17. Qb3+ Kh8 18. Bf1 Bxf1 19. Rxe5 Qh3 20. Nxf1 Rde8 21. Rae1 Rxe5 22. Rxe5 b6 23. Qe6 Qxe6 24. Rxe6 1-0